My Hero Academia - Class 1A by Hero Names - Statistics

General Stats
  • This quiz has been taken 216 times
  • The average score is 16 of 20
Answer Stats
Hero Name Real Name % Correct
Uravity Ochaco Uraraka
92%
Shoto Shoto Todoroki
92%
Deku Izuku Midoriya
91%
Chargebolt Denki Kaminari
90%
Red Riot Eijiro Kirishima
90%
Dynamight Katsuki Bakugo
90%
Pinky Mina Ashido
88%
Ingenium Tenya Iida
87%
Froppy Tsuyu Asui
86%
Grape Juice Minoru Mineta
85%
Creati Momo Yaoyorozu
83%
Earphone Jack Kyoka Jiro
80%
Can't Stop Twinkling Yuga Aoyama
78%
Cellophane Hanta Sero
73%
Tsukuyomi Fumikage Tokoyami
71%
Anima Koji Koda
71%
Tailman Mashirao Ojiro
64%
Invisible Girl Toru Hagakure
64%
Tentacole Mezo Shoji
61%
Sugarman Rikido Sato
61%
No matching quizzes found
Score Distribution
Percent of People with Each Score
Percentile by Number Answered
Your Score History
You have not taken this quiz